000
00527nam a2200145Ia 4500
008
151213s9999 xx 000 0 und d
100
_a
সোলায়মান আহসান।
245
_a
দাড়াও সকাল বিরুপতা।
_c
সোলায়মান আহসান।
260
_a
ঢাকা
_b
আধুনিক প্রেস।
_c
1985
300
_a
8801 p.
650
_a
Bangla
650
_a
কবিতা
700
_a
সোলায়মান আহসান।
999
_c
4586
_d
4586